header

Women, celebrity, and literary culture between the wars (Record no. 35599)

MARC details
000 -LEADER
fixed length control field 02554nam a2200457 a 4500
082 04 - DEWEY DECIMAL CLASSIFICATION NUMBER
Classification number 820.9/928709042
100 1# - MAIN ENTRY--AUTHOR NAME
Personal name Hammill, Faye.
245 10 - TITLE STATEMENT
Title Women, celebrity, and literary culture between the wars
250 ## - EDITION STATEMENT
Edition statement 1st ed.
260 ## - PUBLICATION, DISTRIBUTION, ETC. (IMPRINT)
Place of publication Austin :
Name of publisher University of Texas Press,
Year of publication 2007.
300 ## - PHYSICAL DESCRIPTION
Number of Pages viii, 261 p.
490 1# - SERIES STATEMENT
Series statement Literary modernism series
505 0# - FORMATTED CONTENTS NOTE
Formatted contents note "How to tell the difference between a Matisse painting and a Spanish omelette" : Dorothy Parker, Vogue, and Vanity fair -- "Brains are really everything" : Anita Loos's Gentlemen prefer blondes -- "A plumber's idea of Cleopatra" : Mae West as author -- "Astronomers located her in the latitude of Prince Edward Island" : L. M. Montgomery, Anne of Green Gables, and early Hollywood -- "The best product of this century" : Margaret Kennedy's The constant nymph -- "Literature or just sheer flapdoodle?": Stella Gibbons's Cold Comfort Farm -- "Wildest hopes exceeded" : E. M. Delafield's Diary of a provincial lady.
650 #0 - SUBJECT ADDED ENTRY--TOPICAL TERM
Topical Term American literature
Topical Term English literature
Topical Term Women and literature
Topical Term Women authors, American
Topical Term Women authors, English
Topical Term Fame
Topical Term Authorship
Topical Term Authors and readers
Topical Term Popular culture
856 40 - ELECTRONIC LOCATION AND ACCESS
Uniform Resource Identifier http://site.ebrary.com/lib/rucke/Doc?id=10245790

No items available.

© 2026 Rongo University
Contact us: librarian | system librarian | Rongo university